Corporation and the campus: Corporate support of higher eudcation in the 1970s: Proceedings of the academy of political science. Vol 30 (Record no. 1363909)

MARC details
000 -LEADER
fixed length control field 00619nam a2200181Ia 4500
005 - DATE AND TIME OF LATEST TRANSACTION
control field 20250508160339.0
008 - FIXED-LENGTH DATA ELEMENTS--GENERAL INFORMATION
fixed length control field 008 250505s9999 xx 000 0 eng d
037 ## - SOURCE OF ACQUISITION
Stock number Textual
040 ## - CATALOGING SOURCE
Original cataloging agency FEDL
Language of cataloging eng
Transcribing agency FEDL
041 ## - LANGUAGE CODE
Language code of text/sound track or separate title eng
Source of code eng
084 ## - COLON CLASSIFICATION NUMBER
Classification number 378, ACA
Assigning agency FEDL
100 ## - MAIN ENTRY--PERSONAL NAME
Personal name Connery Robert H Ed.
9 (RLIN) 323253
245 #0 - TITLE STATEMENT
Title Corporation and the campus: Corporate support of higher eudcation in the 1970s: Proceedings of the academy of political science. Vol 30
260 ## - PUBLICATION, DISTRIBUTION, ETC.
Place of publication, distribution, etc. New York, USA
Name of publisher, distributor, etc. The Academy of Political Science
Date of publication, distribution, etc. 1970
300 ## - PHYSICAL DESCRIPTION
Extent 187p.
942 ## - ADDED ENTRY ELEMENTS (KOHA)
Koha item type Textual
Classification part 378, ACA
Holdings
Withdrawn status Lost status Damaged status Not for loan Home library Current library Date acquired Total Checkouts Full call number Barcode Date last seen Price effective from Koha item type
        Department of Education Library Department of Education Library 2025-05-08   378, ACA EL0050155 2025-05-08 2025-05-08 Textual
Copyright @ Delhi University Library System